000
00338nam a2200145Ia 4500
100
_a
Lundin/Stephen C
650
_a
General
942
_c
BK
654
_a
fish
245
_a
FISH:A remarkable way to boost Morale and improve result
260
_b
Hadder and Stoughton
_c
2000
082
_a
658
_b
LUN
300
_a
107
546
_a
ENGLISH
999
_c
24039
_d
24039